Le Corbusier : Oeuvre compléte 1938-1946

Guardado en:
Detalles Bibliográficos
Autor principal: Corbusier_Le (Autor)
Formato: Libro
Lenguaje:francés
Publicado: Zurich: LEA, 1946
Materias:
Etiquetas: Agregar Etiqueta
Sin Etiquetas, Sea el primero en etiquetar este registro!

MARC

LEADER 00000nam a22000003a 4500
001 stu73669
005 20150617225648.9
008 020205s1946------------------------fre-d
040 |a STU  |b slo 
041 0 |a fre 
100 1 |a Corbusier_Le  |4 aut 
245 1 |a Le Corbusier :  |b Oeuvre compléte 1938-1946 
260 |a Zurich: LEA,  |c 1946 
300 |a 199 s 
650 7 |a architekti európski  |2 stusub 
996 |b 284AU00159  |c A*3618 U  |l AAKNAR  |s A  |a 24  |w stu73669_0001